Normal view
MARC view
- Millán Valenzuela, Henio
Entry Nombre Personal
001 - NUMERO DE CONTROL
- campo de control: 39937
003 - IDENTIFICADOR DE NUMERO DE CONTROL
- campo de control: UPN
005 - FECHA Y HORA DE LA ÜLTIMA TRANSACCIÓN
- campo de control: 20210219194551.0
008 - DATOS DE LONGITUD FIJA
- campo de control de longitud fija: nabaccnnaabn|||||||||| b |nc|||||d
035 ## - NUMERO DE CONTROL
- Número de control: UPN11000012044
040 ## - FUENTE DE CATALOGACIÓN
- Lenguaje de catalogación: SPA
- Agencia de transcripción: UPN
100 1# - ENCABEZAMIENTO - NOMBRE PERSONAL
- Nombre personal: Millán Valenzuela, Henio
670 ## - FUENTE EN LA QUE SE LOCALIZARON DATOS
- Cita de la fuente: T
- Uniform Resource Identifier: www.foroconsultivo.org.mx/comisiones_sni_2015
680 ## - NOTA PUBLICA DE ACCESO PÚBLICO
- Frase explicativa de la referencia: Doctor en Ciencias Sociales por la Universidad Iberoamericana; Maestro en. Economía por el CIDE. Temas de investigación: economía del desarrollo, economía internacional, economía financiera.
902 ## - CATALOGADOR
- Catalogador: BDV/10032017
